Market forces should be your guide (Record no. 82347)

MARC details
000 -LEADER
fixed length control field 00935cab a22002055a 4500
001 - CONTROL NUMBER
control field L149952
008 - FIXED-LENGTH DATA ELEMENTS--GENERAL INFORMATION
fixed length control field 100519e20100501xxka f g 000 0 eng d
035 ## - SYSTEM CONTROL NUMBER
System control number (Sirsi) u149952
041 0# - LANGUAGE CODE
Language code of text/sound track or separate title eng
100 1# - MAIN ENTRY--PERSONAL NAME
Personal name Jayson, Paul
245 00 - TITLE STATEMENT
Title Market forces should be your guide
260 ## - PUBLICATION, DISTRIBUTION, ETC.
Date of publication, distribution, etc. 2010
490 ## - SERIES STATEMENT
Series statement Estates Gazette
Volume/sequential designation (1017) 1 May 2010, 88(1)
520 ## - SUMMARY, ETC.
Summary, etc. The CRC Energy Efficiency Scheme (CRC) is drawing up standard lease provisions with assistance from the British Property Federation (BPF). Argues against the BPF suggestion that landlords should claim a proportion of their costs from tenants of complying with the CRC and suggests that market forces could provide a more effective solution based around rents and other lease terms.
590 ## - LOCAL NOTE (RLIN)
Local note KA
651 #4 - SUBJECT ADDED ENTRY--GEOGRAPHIC NAME
Geographic name England and Wales
Chronological subdivision 1543-
690 ## - LOCAL SUBJECT ADDED ENTRY--TOPICAL TERM (OCLC, RLIN)
Topical term or geographic name as entry element ENVIRONMENTAL AND LAND CONSULTANCY-ENERGY-ENERGY USE-ENERGY EFFICIENCY
700 1# - ADDED ENTRY--PERSONAL NAME
Personal name Redman, Nicholas
942 ## - ADDED ENTRY ELEMENTS (KOHA)
Suppress in OPAC 0
Holdings
Withdrawn status Lost status Source of classification or shelving scheme Damaged status Not for loan Home library Current library Shelving location Date acquired Total Checkouts Full call number Barcode Date last seen Copy number Price effective from Koha item type
    Dewey Decimal Classification     London London Journal article 19/05/2010   L149952 149952-1001 06/08/2019 1 06/08/2019 Journal article